[Event "English Schools Championship Final 2024"]
[Site "Nottingham University Kings Meadow Campus, United Kingdom"]
[Date "2024.06.28"]
[Round "4.8"]
[White "Babu, Rahul"]
[Black "Leslie, Alex"]
[Result "1/2-1/2"]
[TimeControl "G50' + 10\" per move."]
[WhiteFideId "25625136"]
[BlackFideId "452505"]
[WhiteElo "2212"]
[BlackElo "2159"]

1. e4 {[%clk 00:50:18]} c6 {[%clk 00:48:45]} {[%emt 00:01:36]} 2. d4 {[%clk
00:50:23]} {[%emt 00:00:06]} d5 {[%clk 00:48:52]} {[%emt 00:00:02]} 3. exd5
{[%clk 00:50:30]} {[%emt 00:00:03]} cxd5 {[%clk 00:48:58]} {[%emt 00:00:04]} 4.
Bd3 {[%clk 00:50:39]} {[%emt 00:00:02]} Nc6 {[%clk 00:49:01]} {[%emt 00:00:07]}
5. c3 {[%clk 00:50:47]} {[%emt 00:00:02]} Nf6 {[%clk 00:49:06]} {[%emt
00:00:05]} 6. Bf4 {[%clk 00:50:54]} {[%emt 00:00:02]} Bg4 {[%clk 00:48:39]}
{[%emt 00:00:37]} 7. Qb3 {[%clk 00:50:59]} {[%emt 00:00:05]} Qc8 {[%clk
00:48:42]} {[%emt 00:00:07]} 8. Nd2 {[%clk 00:51:05]} {[%emt 00:00:04]} e6
{[%clk 00:48:47]} {[%emt 00:00:05]} 9. Ngf3 {[%clk 00:51:13]} {[%emt 00:00:02]}
Be7 {[%clk 00:48:38]} {[%emt 00:00:19]} 10. O-O {[%clk 00:50:50]} {[%emt
00:00:34]} Bh5 {[%clk 00:47:43]} {[%emt 00:01:03]} 11. Rae1 {[%clk 00:45:45]}
{[%emt 00:05:16]} Bg6 {[%clk 00:46:53]} {[%emt 00:01:01]} 12. Bxg6 {[%clk
00:45:49]} {[%emt 00:00:06]} hxg6 {[%clk 00:46:56]} {[%emt 00:00:07]} 13. Ne5
{[%clk 00:45:16]} {[%emt 00:00:42]} Nxe5 {[%clk 00:46:16]} {[%emt 00:00:49]} 14.
dxe5 {[%clk 00:45:21]} {[%emt 00:00:06]} Nd7 {[%clk 00:46:04]} {[%emt
00:00:20]} 15. c4 {[%clk 00:44:48]} {[%emt 00:00:46]} Nc5 {[%clk 00:34:49]}
{[%emt 00:11:25]} 16. Qf3 {[%clk 00:44:21]} {[%emt 00:00:37]} Qc6 {[%clk
00:29:05]} {[%emt 00:05:52]} 17. Rc1 {[%clk 00:41:06]} {[%emt 00:03:27]} d4
{[%clk 00:27:49]} {[%emt 00:01:26]} 18. Rfd1 {[%clk 00:41:09]} {[%emt
00:00:07]} g5 {[%clk 00:25:13]} {[%emt 00:02:45]} 19. Bg3 {[%clk 00:40:58]}
{[%emt 00:00:23]} a5 {[%clk 00:24:31]} {[%emt 00:00:50]} 20. b3 {[%clk
00:39:19]} {[%emt 00:01:50]} Rd8 {[%clk 00:22:16]} {[%emt 00:02:23]} 21. Kf1
{[%clk 00:37:12]} {[%emt 00:02:18]} Rd7 {[%clk 00:20:53]} {[%emt 00:01:34]} 22.
Qg4 {[%clk 00:26:16]} {[%emt 00:11:06]} O-O {[%clk 00:17:45]} {[%emt 00:03:18]}
23. Nf3 {[%clk 00:26:20]} {[%emt 00:00:06]} Qe4 {[%clk 00:15:37]} {[%emt
00:02:17]} 24. Qxe4 {[%clk 00:24:05]} {[%emt 00:02:26]} Nxe4 {[%clk 00:15:39]}
{[%emt 00:00:05]} 25. Ne1 {[%clk 00:23:42]} {[%emt 00:00:35]} Rfd8 {[%clk
00:13:20]} {[%emt 00:02:28]} 26. Nd3 {[%clk 00:19:20]} {[%emt 00:04:34]} Bb4
{[%clk 00:10:18]} {[%emt 00:03:10]} 27. Rc2 {[%clk 00:18:37]} {[%emt 00:00:55]}
b6 {[%clk 00:09:25]} {[%emt 00:01:03]} 28. f3 {[%clk 00:18:26]} {[%emt
00:00:21]} Nc5 {[%clk 00:07:55]} {[%emt 00:01:39]} 29. Bf2 {[%clk 00:16:35]}
{[%emt 00:02:01]} Bc3 {[%clk 00:07:26]} {[%emt 00:00:39]} 30. Ke2 {[%clk
00:15:37]} {[%emt 00:01:07]} a4 {[%clk 00:05:13]} {[%emt 00:02:24]} 31. Be1
{[%clk 00:11:16]} {[%emt 00:04:32]} axb3 {[%clk 00:03:29]} {[%emt 00:01:54]} 32.
axb3 {[%clk 00:11:20]} {[%emt 00:00:05]} Bxe1 {[%clk 00:02:00]} {[%emt
00:01:40]} 33. Rxe1 {[%clk 00:11:23]} {[%emt 00:00:07]} Ra8 {[%clk 00:01:35]}
{[%emt 00:00:34]} 34. Rb1 {[%clk 00:09:48]} {[%emt 00:01:45]} Ra3 {[%clk
00:01:29]} {[%emt 00:00:16]} 35. Rcb2 {[%clk 00:09:31]} {[%emt 00:00:27]} Kh7
{[%clk 00:01:01]} {[%emt 00:00:38]} 36. Nxc5 {[%clk 00:08:51]} {[%emt
00:00:51]} bxc5 {[%clk 00:01:10]} {[%emt 00:00:01]} 37. b4 {[%clk 00:08:55]}
{[%emt 00:00:05]} cxb4 {[%clk 00:01:10]} {[%emt 00:00:10]} 38. Rxb4 {[%clk
00:09:02]} {[%emt 00:00:04]} Re3+ {[%clk 00:01:06]} {[%emt 00:00:14]} 39. Kd2
{[%clk 00:09:03]} {[%emt 00:00:09]} Rxe5 {[%clk 00:01:04]} {[%emt 00:00:12]} 40.
Rb5 {[%clk 00:09:08]} {[%emt 00:00:04]} Re3 {[%clk 00:00:16]} {[%emt 00:00:57]}
41. Rxg5 {[%clk 00:08:46]} {[%emt 00:00:34]} Rc3 {[%clk 00:00:23]} {[%emt
00:00:02]} 42. Rc5 {[%clk 00:08:45]} {[%emt 00:00:11]} Ra7 {[%clk 00:00:25]}
{[%emt 00:00:08]} 43. Rb2 {[%clk 00:08:40]} {[%emt 00:00:15]} Ra1 {[%clk
00:00:24]} {[%emt 00:00:12]} 44. Rc2 {[%clk 00:07:42]} {[%emt 00:01:07]} Rb3
{[%clk 00:00:22]} {[%emt 00:00:12]} 45. Rb5 {[%clk 00:07:28]} {[%emt 00:00:24]}
Rxb5 {[%clk 00:00:15]} {[%emt 00:00:17]} 46. cxb5 {[%clk 00:07:32]} {[%emt
00:00:06]} Rb1 {[%clk 00:00:21]} {[%emt 00:00:05]} 47. Kd3 {[%clk 00:06:36]}
{[%emt 00:01:06]} Rxb5 {[%clk 00:00:26]} {[%emt 00:00:05]} 48. Kxd4 {[%clk
00:06:42]} {[%emt 00:00:04]} 1/2-1/2

[Event "English Schools Championship Final 2024"]
[Site "Nottingham University Kings Meadow Campus, United Kingdom"]
[Date "2024.06.28"]
[Round "4.9"]
[White "Dasgupta, Avyukt"]
[Black "Dupuis, Denis K"]
[Result "1-0"]
[TimeControl "G50' + 10\" per move."]
[WhiteFideId "480630"]
[BlackFideId "452980"]
[WhiteElo "2069"]
[BlackElo "2195"]

1. e4 {[%clk 00:48:06]} {[%emt 00:00:40]} e5 {[%clk 00:49:41]} {[%emt
00:00:39]} 2. Nf3 {[%clk 00:48:11]} {[%emt 00:00:05]} Nc6 {[%clk 00:49:40]}
{[%emt 00:00:09]} 3. Bb5 {[%clk 00:48:20]} {[%emt 00:00:04]} f5 {[%clk
00:48:45]} {[%emt 00:01:05]} 4. d3 {[%clk 00:46:47]} {[%emt 00:01:43]} fxe4
{[%clk 00:48:44]} {[%emt 00:00:10]} 5. dxe4 {[%clk 00:46:43]} {[%emt 00:00:14]}
Nf6 {[%clk 00:48:29]} {[%emt 00:00:25]} 6. O-O {[%clk 00:45:59]} {[%emt
00:00:55]} Bc5 {[%clk 00:48:32]} {[%emt 00:00:06]} 7. Bxc6 {[%clk 00:45:55]}
{[%emt 00:00:15]} bxc6 {[%clk 00:48:30]} {[%emt 00:00:12]} 8. Nxe5 {[%clk
00:46:02]} {[%emt 00:00:02]} O-O {[%clk 00:47:32]} {[%emt 00:01:09]} 9. Nc3
{[%clk 00:45:30]} {[%emt 00:00:42]} Qe8 {[%clk 00:42:13]} {[%emt 00:05:28]} 10.
Nd3 {[%clk 00:44:55]} {[%emt 00:00:45]} Bd4 {[%clk 00:40:53]} {[%emt 00:01:30]}
11. e5 {[%clk 00:32:57]} {[%emt 00:12:09]} Bxc3 {[%clk 00:35:31]} {[%emt
00:05:31]} 12. bxc3 {[%clk 00:32:48]} {[%emt 00:00:19]} Nd5 {[%clk 00:35:12]}
{[%emt 00:00:29]} 13. c4 {[%clk 00:27:29]} {[%emt 00:05:30]} Nb6 {[%clk
00:34:14]} {[%emt 00:01:08]} 14. c5 {[%clk 00:26:40]} {[%emt 00:00:59]} Nd5
{[%clk 00:32:20]} {[%emt 00:02:04]} 15. c4 {[%clk 00:22:39]} {[%emt 00:04:11]}
Ne7 {[%clk 00:31:44]} {[%emt 00:00:47]} 16. Bd2 {[%clk 00:19:16]} {[%emt
00:03:32]} a5 {[%clk 00:21:06]} {[%emt 00:10:48]} 17. Rc1 {[%clk 00:15:44]}
{[%emt 00:03:41]} Qg6 {[%clk 00:16:53]} {[%emt 00:04:23]} 18. Qe2 {[%clk
00:13:09]} {[%emt 00:02:46]} Nf5 {[%clk 00:12:22]} {[%emt 00:04:41]} 19. Qe4
{[%clk 00:07:08]} {[%emt 00:06:11]} Bb7 {[%clk 00:09:16]} {[%emt 00:03:16]} 20.
Rb1 {[%clk 00:05:55]} {[%emt 00:01:23]} Bc8 {[%clk 00:06:03]} {[%emt 00:03:22]}
21. f4 {[%clk 00:05:48]} {[%emt 00:00:17]} a4 {[%clk 00:04:40]} {[%emt
00:01:33]} 22. Nf2 {[%clk 00:03:46]} {[%emt 00:02:13]} Ba6 {[%clk 00:02:21]}
{[%emt 00:02:29]} 23. Rb4 {[%clk 00:03:18]} {[%emt 00:00:38]} d5 {[%clk
00:01:18]} {[%emt 00:01:11]} 24. cxd6 {[%clk 00:02:42]} {[%emt 00:00:48]} cxd6
{[%clk 00:00:43]} {[%emt 00:00:44]} 25. Qxc6 {[%clk 00:02:40]} {[%emt
00:00:13]} dxe5 {[%clk 00:00:29]} {[%emt 00:00:24]} 26. Qxg6 {[%clk 00:02:38]}
{[%emt 00:00:11]} hxg6 {[%clk 00:00:37]} {[%emt 00:00:02]} 27. fxe5 {[%clk
00:02:46]} {[%emt 00:00:02]} Rac8 {[%clk 00:00:12]} {[%emt 00:00:36]} 28. Rxa4
{[%clk 00:01:49]} {[%emt 00:01:07]} Bxc4 {[%clk 00:00:19]} {[%emt 00:00:02]} 29.
Rc1 {[%clk 00:01:51]} {[%emt 00:00:08]} Be6 {[%clk 00:00:13]} {[%emt 00:00:16]}
30. Ne4 {[%clk 00:01:29]} {[%emt 00:00:33]} Rxc1+ {[%clk 00:00:13]} {[%emt
00:00:10]} 31. Bxc1 {[%clk 00:01:38]} Rd8 {[%clk 00:00:17]} {[%emt 00:00:05]}
32. Bf4 {[%clk 00:00:47]} {[%emt 00:01:01]} Rd1+ {[%clk 00:00:14]} {[%emt
00:00:14]} 33. Kf2 {[%clk 00:00:54]} {[%emt 00:00:03]} Rb1 {[%clk 00:00:14]}
{[%emt 00:00:09]} 34. Ra8+ {[%clk 00:00:59]} {[%emt 00:00:06]} Kf7 {[%clk
00:00:16]} {[%emt 00:00:07]} 35. Ng5+ {[%clk 00:01:06]} {[%emt 00:00:04]} Ke7
{[%clk 00:00:25]} {[%emt 00:00:01]} 36. Ra7+ {[%clk 00:01:15]} {[%emt
00:00:02]} Bd7 {[%clk 00:00:23]} {[%emt 00:00:11]} 37. e6 {[%clk 00:01:18]}
{[%emt 00:00:07]} Rb2+ {[%clk 00:00:31]} {[%emt 00:00:02]} 38. Ke1 {[%clk
00:01:10]} {[%emt 00:00:17]} Rb1+ {[%clk 00:00:19]} {[%emt 00:00:23]} 39. Kd2
{[%clk 00:01:12]} {[%emt 00:00:09]} Rb2+ {[%clk 00:00:13]} {[%emt 00:00:15]} 40.
Kc1 {[%clk 00:01:19]} {[%emt 00:00:02]} Rxg2 {[%clk 00:00:19]} {[%emt
00:00:05]} 41. exd7 {[%clk 00:00:51]} {[%emt 00:00:37]} Nd4 {[%clk 00:00:21]}
{[%emt 00:00:08]} 42. Bd6+ {[%clk 00:00:57]} {[%emt 00:00:05]} Kd8 {[%clk
00:00:22]} {[%emt 00:00:09]} 43. Nf7# {[%clk 00:00:51]} {[%emt 00:00:03]} 1-0

[Event "English Schools Championship Final 2024"]
[Site "Nottingham University Kings Meadow Campus, United Kingdom"]
[Date "2024.06.28"]
[Round "4.10"]
[White "Bharat Kumar, Balahari"]
[Black "Mittal, Aditya"]
[Result "1-0"]
[TimeControl "G50' + 10\" per move."]
[WhiteFideId "496464"]
[BlackFideId "499250"]
[WhiteElo "2144"]
[BlackElo "1852"]

1. d4 {[%clk 00:50:17]} {[%emt 00:00:02]} d5 {[%clk 00:49:12]} {[%emt
00:01:09]} 2. c4 {[%clk 00:50:15]} {[%emt 00:00:13]} e6 {[%clk 00:48:44]}
{[%emt 00:00:38]} 3. Nc3 {[%clk 00:50:19]} {[%emt 00:00:05]} Nf6 {[%clk
00:48:50]} {[%emt 00:00:05]} 4. Bg5 {[%clk 00:50:26]} {[%emt 00:00:03]} Be7
{[%clk 00:48:52]} {[%emt 00:00:07]} 5. e3 {[%clk 00:50:32]} {[%emt 00:00:04]}
O-O {[%clk 00:48:44]} {[%emt 00:00:17]} 6. Nf3 {[%clk 00:50:41]} {[%emt
00:00:03]} h6 {[%clk 00:48:44]} {[%emt 00:00:09]} 7. Bh4 {[%clk 00:50:45]}
{[%emt 00:00:05]} Ne4 {[%clk 00:48:40]} {[%emt 00:00:15]} 8. Bxe7 {[%clk
00:49:47]} {[%emt 00:01:08]} Qxe7 {[%clk 00:48:45]} {[%emt 00:00:05]} 9. cxd5
{[%clk 00:39:24]} {[%emt 00:10:33]} Nxc3 {[%clk 00:48:45]} {[%emt 00:00:10]} 10.
bxc3 {[%clk 00:39:29]} {[%emt 00:00:05]} exd5 {[%clk 00:48:49]} {[%emt
00:00:05]} 11. Qb3 {[%clk 00:38:35]} {[%emt 00:01:04]} c6 {[%clk 00:46:51]}
{[%emt 00:02:08]} 12. Bd3 {[%clk 00:36:18]} {[%emt 00:02:27]} Nd7 {[%clk
00:44:12]} {[%emt 00:02:49]} 13. O-O {[%clk 00:35:33]} {[%emt 00:00:57]} Nf6
{[%clk 00:39:59]} {[%emt 00:04:22]} 14. Ne5 {[%clk 00:30:47]} {[%emt 00:04:55]}
Ng4 {[%clk 00:36:55]} {[%emt 00:03:15]} 15. Nxg4 {[%clk 00:28:08]} {[%emt
00:02:49]} Bxg4 {[%clk 00:36:57]} {[%emt 00:00:07]} 16. Rae1 {[%clk 00:26:24]}
{[%emt 00:01:55]} Be6 {[%clk 00:27:16]} {[%emt 00:09:51]} 17. Qb2 {[%clk
00:23:13]} {[%emt 00:03:20]} Qd7 {[%clk 00:24:07]} {[%emt 00:03:20]} 18. f3
{[%clk 00:22:19]} {[%emt 00:01:04]} f5 {[%clk 00:21:25]} {[%emt 00:02:51]} 19.
e4 {[%clk 00:15:24]} {[%emt 00:07:06]} fxe4 {[%clk 00:20:37]} {[%emt 00:00:58]}
20. fxe4 {[%clk 00:15:24]} {[%emt 00:00:10]} Rxf1+ {[%clk 00:19:41]} {[%emt
00:01:06]} 21. Rxf1 {[%clk 00:14:59]} {[%emt 00:00:34]} dxe4 {[%clk 00:18:25]}
{[%emt 00:01:26]} 22. Bxe4 {[%clk 00:14:42]} {[%emt 00:00:28]} Bc4 {[%clk
00:15:10]} {[%emt 00:03:25]} 23. Re1 {[%clk 00:09:02]} {[%emt 00:05:50]} Qf7
{[%clk 00:15:01]} {[%emt 00:00:18]} 24. Bf3 {[%clk 00:03:56]} {[%emt 00:05:17]}
Rf8 {[%clk 00:10:55]} {[%emt 00:04:16]} 25. Qb4 {[%clk 00:02:46]} {[%emt
00:01:20]} b5 {[%clk 00:09:30]} {[%emt 00:01:35]} 26. Qd6 {[%clk 00:02:25]}
{[%emt 00:00:30]} Qf6 {[%clk 00:03:58]} {[%emt 00:05:42]} 27. Qxf6 {[%clk
00:01:42]} {[%emt 00:00:54]} Rxf6 {[%clk 00:04:04]} {[%emt 00:00:03]} 28. Re8+
{[%clk 00:00:59]} {[%emt 00:00:53]} Kf7 {[%clk 00:03:01]} {[%emt 00:01:13]} 29.
Ra8 {[%clk 00:01:07]} {[%emt 00:00:02]} g5 {[%clk 00:02:14]} {[%emt 00:00:57]}
30. Rxa7+ {[%clk 00:01:06]} {[%emt 00:00:11]} Kg6 {[%clk 00:02:09]} {[%emt
00:00:16]} 31. h3 {[%clk 00:01:00]} {[%emt 00:00:16]} Re6 {[%clk 00:01:44]}
{[%emt 00:00:35]} 32. Kf2 {[%clk 00:00:53]} {[%emt 00:00:17]} Rf6 {[%clk
00:00:47]} {[%emt 00:01:07]} 33. Ke3 {[%clk 00:00:30]} {[%emt 00:00:33]} Re6+
{[%clk 00:00:30]} {[%emt 00:00:27]} 34. Kd2 {[%clk 00:00:22]} {[%emt 00:00:18]}
h5 {[%clk 00:00:19]} {[%emt 00:00:21]} 35. Rc7 {[%clk 00:00:18]} {[%emt
00:00:13]} Bxa2 {[%clk 00:00:20]} {[%emt 00:00:10]} 36. Rxc6 {[%clk 00:00:22]}
{[%emt 00:00:05]} Rxc6 {[%clk 00:00:20]} {[%emt 00:00:10]} 37. Bxc6 {[%clk
00:00:30]} {[%emt 00:00:03]} Bc4 {[%clk 00:00:27]} {[%emt 00:00:02]} 38. Be4+
{[%clk 00:00:35]} {[%emt 00:00:06]} Kf6 {[%clk 00:00:36]} {[%emt 00:00:02]} 39.
Ke3 {[%clk 00:00:22]} {[%emt 00:00:23]} Ke6 {[%clk 00:00:37]} {[%emt 00:00:08]}
40. g3 {[%clk 00:00:18]} {[%emt 00:00:14]} Bd5 {[%clk 00:00:16]} {[%emt
00:00:32]} 41. Bd3 {[%clk 00:00:18]} {[%emt 00:00:09]} Bc6 {[%clk 00:00:22]}
{[%emt 00:00:04]} 42. h4 {[%clk 00:00:22]} {[%emt 00:00:06]} gxh4 {[%clk
00:00:29]} {[%emt 00:00:03]} 43. gxh4 {[%clk 00:00:31]} Kf6 {[%clk 00:00:35]}
{[%emt 00:00:04]} 44. Kf4 {[%clk 00:00:34]} {[%emt 00:00:07]} Be8 {[%clk
00:00:38]} {[%emt 00:00:07]} 45. Be2 {[%clk 00:00:34]} {[%emt 00:00:10]} Kg6
{[%clk 00:00:29]} {[%emt 00:00:19]} 46. Ke5 {[%clk 00:00:36]} {[%emt 00:00:08]}
Bd7 {[%clk 00:00:32]} {[%emt 00:00:07]} 47. Bd3+ {[%clk 00:00:34]} {[%emt
00:00:12]} Kf7 {[%clk 00:00:37]} {[%emt 00:00:04]} 48. Kd6 {[%clk 00:00:31]}
{[%emt 00:00:14]} Be8 {[%clk 00:00:40]} {[%emt 00:00:06]} 49. Kc5 {[%clk
00:00:17]} {[%emt 00:00:24]} b4 {[%clk 00:00:37]} {[%emt 00:00:14]} 50. Kxb4
{[%clk 00:00:18]} {[%emt 00:00:09]} Ke6 {[%clk 00:00:46]} 51. Kc5 {[%clk
00:00:25]} {[%emt 00:00:03]} Ba4 {[%clk 00:00:49]} {[%emt 00:00:07]} 52. c4
{[%clk 00:00:30]} {[%emt 00:00:06]} Bd1 {[%clk 00:00:52]} {[%emt 00:00:06]} 53.
d5+ {[%clk 00:00:35]} {[%emt 00:00:05]} Kd7 {[%clk 00:01:01]} 54. Bf5+ {[%clk
00:00:44]} {[%emt 00:00:02]} Kc7 {[%clk 00:01:09]} {[%emt 00:00:02]} 55. d6+
{[%clk 00:00:46]} {[%emt 00:00:08]} Kd8 {[%clk 00:01:18]} 56. Kd5 {[%clk
00:00:44]} {[%emt 00:00:11]} Bf3+ {[%clk 00:01:20]} {[%emt 00:00:08]} 57. Be4
{[%clk 00:00:52]} {[%emt 00:00:03]} Bg4 {[%clk 00:01:28]} {[%emt 00:00:03]} 58.
c5 {[%clk 00:00:57]} {[%emt 00:00:04]} Bd1 {[%clk 00:01:32]} {[%emt 00:00:05]}
59. c6 {[%clk 00:01:02]} {[%emt 00:00:05]} Bb3+ {[%clk 00:01:41]} {[%emt
00:00:02]} 60. Ke5 {[%clk 00:01:09]} {[%emt 00:00:03]} Ba4 {[%clk 00:01:33]}
{[%emt 00:00:17]} 61. c7+ {[%clk 00:01:16]} {[%emt 00:00:03]} Kc8 {[%clk
00:01:42]} 62. Bf5+ {[%clk 00:01:25]} {[%emt 00:00:01]} Bd7 {[%clk 00:01:51]}
{[%emt 00:00:01]} 63. Bxd7+ {[%clk 00:01:21]} {[%emt 00:00:14]} Kxd7 {[%clk
00:01:59]} {[%emt 00:00:02]} 64. Kd5 {[%clk 00:01:28]} {[%emt 00:00:04]} Kc8
{[%clk 00:02:07]} {[%emt 00:00:01]} 65. Ke6 {[%clk 00:01:35]} {[%emt 00:00:04]}
Kb7 {[%clk 00:02:12]} {[%emt 00:00:05]} 66. d7 {[%clk 00:01:38]} {[%emt
00:00:07]} Kxc7 {[%clk 00:02:19]} {[%emt 00:00:02]} 67. Ke7 {[%clk 00:01:47]}
{[%emt 00:00:02]} 1-0

[Event "English Schools Championship Final 2024"]
[Site "Nottingham University Kings Meadow Campus, United Kingdom"]
[Date "2024.06.28"]
[Round "4.11"]
[White "Brass, Ezra"]
[Black "Agrawal, Shivam"]
[Result "0-1"]
[TimeControl "G50' + 10\" per move."]
[WhiteFideId "446424"]
[BlackFideId "460460"]
[WhiteElo "1917"]
[BlackElo "2158"]

1. e4 {[%clk 00:48:41]} {[%emt 00:01:50]} c6 {[%clk 00:50:22]} {[%emt
00:00:07]} 2. Nf3 {[%clk 00:48:38]} {[%emt 00:00:13]} d5 {[%clk 00:50:26]}
{[%emt 00:00:05]} 3. Nc3 {[%clk 00:48:28]} {[%emt 00:00:20]} Bg4 {[%clk
00:50:30]} {[%emt 00:00:07]} 4. h3 {[%clk 00:47:22]} {[%emt 00:01:16]} Bxf3
{[%clk 00:50:07]} {[%emt 00:00:32]} 5. Qxf3 {[%clk 00:47:25]} {[%emt 00:00:07]}
e6 {[%clk 00:49:35]} {[%emt 00:00:41]} 6. d4 {[%clk 00:39:22]} {[%emt
00:08:15]} Nf6 {[%clk 00:43:29]} {[%emt 00:06:15]} 7. e5 {[%clk 00:34:14]}
{[%emt 00:05:18]} Nfd7 {[%clk 00:43:18]} {[%emt 00:00:22]} 8. Ne2 {[%clk
00:27:11]} {[%emt 00:07:13]} c5 {[%clk 00:43:19]} {[%emt 00:00:09]} 9. c3
{[%clk 00:27:00]} {[%emt 00:00:21]} Nc6 {[%clk 00:42:52]} {[%emt 00:00:36]} 10.
Qg4 {[%clk 00:15:55]} {[%emt 00:11:15]} cxd4 {[%clk 00:38:17]} {[%emt
00:04:46]} 11. cxd4 {[%clk 00:15:18]} {[%emt 00:00:48]} Nb4 {[%clk 00:38:24]}
{[%emt 00:00:02]} 12. Kd1 {[%clk 00:13:17]} {[%emt 00:02:11]} Qb6 {[%clk
00:34:38]} {[%emt 00:03:55]} 13. Qf3 {[%clk 00:06:55]} {[%emt 00:06:33]} Rc8
{[%clk 00:30:33]} {[%emt 00:04:15]} 14. Bd2 {[%clk 00:05:55]} {[%emt 00:01:10]}
Rc6 {[%clk 00:25:50]} {[%emt 00:04:51]} 15. Bc3 {[%clk 00:01:47]} {[%emt
00:04:19]} Nxa2 {[%clk 00:23:55]} {[%emt 00:02:06]} 16. Nf4 {[%clk 00:01:55]}
{[%emt 00:00:01]} Qb3+ {[%clk 00:23:11]} {[%emt 00:00:54]} 17. Ke1 {[%clk
00:00:17]} {[%emt 00:01:48]} Nxc3 {[%clk 00:22:59]} {[%emt 00:00:22]} 18. bxc3
{[%clk 00:00:26]} {[%emt 00:00:01]} Rxc3 {[%clk 00:22:24]} {[%emt 00:00:46]} 19.
Qd1 {[%clk 00:00:35]} {[%emt 00:00:01]} Qb4 {[%clk 00:14:45]} {[%emt 00:07:48]}
20. Rb1 {[%clk 00:00:21]} {[%emt 00:00:25]} Re3# {[%clk 00:14:45]} {[%emt
00:00:08]} 0-1